000
00249nam a22000977a 4500
082
_a
671.5212 COV'E
245
_a
COVERED ELECTRODES FOR THE METAL ARC WELDING OF MILD STEEL
260
_a
LONDON
_b
BRITISH STANDARD
_c
1952
300
_a
33P
942
_c
BK
999
_c
582969
_d
582969